LDR 00952naa#a2200169#i#450# 001 RU\\bibl\121511 005 20260502004836.6 011 ## _a1994-5655 100 ## _a20260428b2026####ek#y0rusy0150####ca 102 ## _aRU 200 1# _aАгитационные мероприятия партии и местной власти в рамках повышения мобилизационной готовности населения Кабардино­-Балкарии в начальный период Великой Отечественной войны _eЖурнальная статья 210 1# _aСыктывкар _cФГБУ ФИЦ «Коми научный центр Уральского отделения Российской академии наук» _d2026 215 ## _a3 с. 608 ## _aЖурнальная статья _2local 675 ## _aВсеобщая история. 94 _z 700 #1 _aДжакели _gА. Э. 856 4# _akomisc.editorum.ru _u